000
00320nam a22001457a 4500
020
_a
9781118092422
082
_a
575.1 SNU/GE
100
_a
Snustad, D.Peter
100
_a
Simmons ,Michael J
245
_a
Genetics
250
_a
6th ed
260
_a
Singapore
_b
John Wiley & Sons
_c
2012
300
_a
766
942
_c
BK
999
_c
13827
_d
13827